Modelovanie procesu vzniku invencií v malých a stredných podnikoch

Saved in:
Bibliographic Details
Main Author: Szaryszová, Petra, 1984-
Other Authors: Štofová, Lenka, 1989-
Format: Book Chapter
Language:Slovak
Subjects:
Tags: Add Tag
No Tags, Be the first to tag this record!

MARC

LEADER 00000naa$a2200000$$$4500
001 0233315
005 20240502073805.2
041 0 |a slo 
044 |a SK 
245 1 0 |a Modelovanie procesu vzniku invencií v malých a stredných podnikoch  |c Petra Szaryszová, Lenka Štofová 
500 |a Abstrakt 
610 2 0 |a inovácia 
610 2 0 |a invencia 
610 2 0 |a vynálezy 
610 2 0 |a podnik malý 
610 2 0 |a podnik stredný 
100 1 |a Szaryszová, Petra, 1984- 
700 1 |a Štofová, Lenka, 1989-